000 00711cam a22002055a 4500
001 ##J100703
008 000000s1910 000 0 eng u
035 _a(Sirsi) u100703
041 0 _aeng
050 0 4 _a333.0062 $2 18
100 1 _aKyffin, S. A.
245 0 2 _aA paper on rights and liabilities of auctioneers in relation to the purchase money
260 _aLondon
_bAuctioneers' Institute of the United Kingdom
_c1910
300 _a40p.
_c21cm.
520 _aThe paper was presented to the Institute at the ordinary meeting held on the December 1909.
651 4 _aGreat Britain
_y1707-
690 _aAuctioneering
_96218
710 2 _aAuctioneers' Institute of the United Kingdom
_93785
942 _n0
999 _c99763
_d99763